<?xml version="1.0" encoding="UTF-8"?>
<record
    xmlns:xsi="http://www.w3.org/2001/XMLSchema-instance"
    xsi:schemaLocation="http://www.loc.gov/MARC21/slim http://www.loc.gov/standards/marcxml/schema/MARC21slim.xsd"
    xmlns="http://www.loc.gov/MARC21/slim">

  <leader>01797fam a2200325 a 4500</leader>
  <controlfield tag="001">2256</controlfield>
  <controlfield tag="003">BD-RjUL</controlfield>
  <controlfield tag="005">20211208233519.0</controlfield>
  <controlfield tag="008">131210t20052004ii ab    b    001 0 eng d</controlfield>
  <datafield tag="020" ind1=" " ind2=" ">
    <subfield code="a">8120328205</subfield>
  </datafield>
  <datafield tag="020" ind1=" " ind2=" ">
    <subfield code="a">0136020879 (pbk.)</subfield>
  </datafield>
  <datafield tag="035" ind1=" " ind2=" ">
    <subfield code="a">(BD-RjUL)2283</subfield>
  </datafield>
  <datafield tag="035" ind1=" " ind2=" ">
    <subfield code="a">(OCoLC)ocm37132455</subfield>
  </datafield>
  <datafield tag="035" ind1=" " ind2=" ">
    <subfield code="a">(NNC)2108077</subfield>
  </datafield>
  <datafield tag="040" ind1=" " ind2=" ">
    <subfield code="a">DLC</subfield>
    <subfield code="c">DLC</subfield>
    <subfield code="d">DLC</subfield>
    <subfield code="d">OrLoB-B</subfield>
    <subfield code="d">BD-RjUL</subfield>
    <subfield code="b">eng</subfield>
  </datafield>
  <datafield tag="041" ind1=" " ind2=" ">
    <subfield code="a">eng</subfield>
  </datafield>
  <datafield tag="082" ind1="0" ind2="0">
    <subfield code="a">301</subfield>
    <subfield code="2">21</subfield>
    <subfield code="b">SCA 2005</subfield>
  </datafield>
  <datafield tag="100" ind1="1" ind2=" ">
    <subfield code="a">Scupin, Raymond.</subfield>
    <subfield code="9">7337</subfield>
  </datafield>
  <datafield tag="245" ind1="1" ind2="0">
    <subfield code="a">Anthropology :</subfield>
    <subfield code="b">a global perspective /</subfield>
    <subfield code="c">Raymond Scupin, Christopher R. Decorse.</subfield>
  </datafield>
  <datafield tag="250" ind1=" " ind2=" ">
    <subfield code="a">5th ed.</subfield>
  </datafield>
  <datafield tag="260" ind1=" " ind2=" ">
    <subfield code="a">Upper Saddle River, N.J. :</subfield>
    <subfield code="b">Prentice Hall,</subfield>
    <subfield code="c">2005.</subfield>
  </datafield>
  <datafield tag="300" ind1=" " ind2=" ">
    <subfield code="a">xxv, 710 p. :</subfield>
    <subfield code="b">ill. (some col.), col. maps ;</subfield>
    <subfield code="c">26 cm.</subfield>
  </datafield>
  <datafield tag="504" ind1=" " ind2=" ">
    <subfield code="a">Includes bibliographical references (p. 539-559) and index.</subfield>
  </datafield>
  <datafield tag="505" ind1="0" ind2="0">
    <subfield code="t">Basic Concepts in Anthropology.</subfield>
    <subfield code="t">Introduction to Anthropology.</subfield>
    <subfield code="t">Evolution.</subfield>
    <subfield code="t">The Record of the Past --</subfield>
    <subfield code="t">Physical Anthropology.</subfield>
    <subfield code="t">The Primates.</subfield>
    <subfield code="t">Hominid Evolution.</subfield>
    <subfield code="t">Human Variation --</subfield>
    <subfield code="t">Archaeology.</subfield>
    <subfield code="t">Paleolithic Cultures.</subfield>
    <subfield code="t">The Origins of Domestication and Settled Life.</subfield>
    <subfield code="t">The Rise of the State and Complex Society --</subfield>
    <subfield code="t">Basic Concepts of Culture and Society.</subfield>
    <subfield code="t">Culture.</subfield>
    <subfield code="t">Psychological Anthropology.</subfield>
    <subfield code="t">Language.</subfield>
    <subfield code="t">Anthropological Explanations.</subfield>
    <subfield code="t">Analyzing Sociocultural Systems --</subfield>
    <subfield code="t">Prestate Societies.</subfield>
    <subfield code="t">Band Societies.</subfield>
    <subfield code="t">Tribes.</subfield>
    <subfield code="t">Chiefdoms --</subfield>
    <subfield code="t">State Societies.</subfield>
    <subfield code="t">Agricultural States.</subfield>
    <subfield code="t">Industrial States --</subfield>
    <subfield code="t">Consequences of Global Industrialism.</subfield>
    <subfield code="t">Global Industrialism and Native Peoples.</subfield>
    <subfield code="t">Global Industrialism and Non-Western Countries --</subfield>
    <subfield code="t">Anthropology and the Global Future.</subfield>
    <subfield code="t">Contemporary Global Trends.</subfield>
    <subfield code="t">Applied Anthropology.</subfield>
  </datafield>
  <datafield tag="650" ind1=" " ind2="0">
    <subfield code="a">Anthropology.</subfield>
    <subfield code="9">7338</subfield>
  </datafield>
  <datafield tag="700" ind1="1" ind2=" ">
    <subfield code="a">DeCorse, Christopher R.</subfield>
    <subfield code="9">7339</subfield>
  </datafield>
  <datafield tag="942" ind1=" " ind2=" ">
    <subfield code="2">ddc</subfield>
    <subfield code="c">BK</subfield>
  </datafield>
  <datafield tag="999" ind1=" " ind2=" ">
    <subfield code="c">2256</subfield>
    <subfield code="d">2256</subfield>
  </datafield>
  <datafield tag="952" ind1=" " ind2=" ">
    <subfield code="0">0</subfield>
    <subfield code="1">0</subfield>
    <subfield code="2">ddc</subfield>
    <subfield code="4">0</subfield>
    <subfield code="7">0</subfield>
    <subfield code="8">NFIC</subfield>
    <subfield code="a">RUCL</subfield>
    <subfield code="b">RUCL</subfield>
    <subfield code="c">Stack</subfield>
    <subfield code="d">2008-02-04</subfield>
    <subfield code="e">Dhaka, Paragon Enterprises Ltd.</subfield>
    <subfield code="g">395.00</subfield>
    <subfield code="l">1</subfield>
    <subfield code="o">301 SCA 2005</subfield>
    <subfield code="r">2025-07-09 00:00:00</subfield>
    <subfield code="s">2025-06-24</subfield>
    <subfield code="t">C-2</subfield>
    <subfield code="w">2021-12-08</subfield>
    <subfield code="y">BK</subfield>
  </datafield>
</record>
